| 000 | 01079naa a22002897a 4500 | ||
|---|---|---|---|
| 001 | BR9400484 | ||
| 003 | BR-BrBNA | ||
| 005 | 20240918180903.0 | ||
| 007 | ta | ||
| 008 | 230509b bl.||||| |||| 00| 0 por d | ||
| 040 |
_aBR-BrBNA _bpor _cBiblioteca Nacional de Agricultura |
||
| 041 | _a(Pt) | ||
| 072 | _aP40; P10 | ||
| 090 | _aP40 BR9400484 | ||
| 100 | 1 | _aCenteno, J.A.S. | |
| 100 | 1 | _aKishi, R.T. | |
| 111 | 1 |
_a1. Simposio de Recursos Hidricos do Nordeste _cRecife, PE (Brazil) _d25-27 Nov 1992 |
|
| 245 | 1 | _aClassificacao do regime dos rios Alagoanos em temporario e permanente atraves da aplicacao de indice climatologico | |
| 260 | 3 |
_aRecife, PE (Brasil): _c1992. |
|
| 500 | _a1. Simposio de Recursos Hidricos do Nordeste. Anais Recife, PE (Brasil): 1992. v. 1 p. 219-228 (BR9400484-AM)P40 | ||
| 650 | _aRio | ||
| 650 | _aPrecipitacao Pluvial | ||
| 650 | _aAlagoas | ||
| 773 | 0 |
_t1. Simposio de Recursos Hidricos do Nordeste. Anais _wP40 BR9400484 _gRecife, PE (Brasil), 1992. v. 1 p. 219-228 |
|
| 909 |
_a202404 _bLucia _c55 _dLucia Elande |
||
| 942 |
_cAM _2AGRIS |
||
| 999 |
_c322502 _d322502 |
||